<?xml version="1.0" encoding="UTF-8"?>
<record
    xmlns:xsi="http://www.w3.org/2001/XMLSchema-instance"
    xsi:schemaLocation="http://www.loc.gov/MARC21/slim http://www.loc.gov/standards/marcxml/schema/MARC21slim.xsd"
    xmlns="http://www.loc.gov/MARC21/slim">

  <leader>01169nam a2200241 i 4500</leader>
  <controlfield tag="001">167795</controlfield>
  <controlfield tag="003">ES-MaACL</controlfield>
  <controlfield tag="005">20250716063331.0</controlfield>
  <controlfield tag="008">050928s1769    sz af        |||| | fre d</controlfield>
  <datafield tag="100" ind1="0" ind2=" ">
    <subfield code="a">Voltaire,</subfield>
    <subfield code="d">1694-1778</subfield>
    <subfield code="9">115721</subfield>
  </datafield>
  <datafield tag="245" ind1="1" ind2="0">
    <subfield code="a">Th&#xE9;&#xE2;tre complet de M. de Voltaire </subfield>
    <subfield code="b">: tome second.</subfield>
  </datafield>
  <datafield tag="260" ind1=" " ind2=" ">
    <subfield code="a">G&#xE9;neve : </subfield>
    <subfield code="b">[s.n.], </subfield>
    <subfield code="c">1769.</subfield>
  </datafield>
  <datafield tag="300" ind1=" " ind2=" ">
    <subfield code="a">[2], 502 p., [5] h. de grab. ; </subfield>
    <subfield code="c">4&#xBA;.</subfield>
  </datafield>
  <datafield tag="490" ind1="1" ind2=" ">
    <subfield code="a">Collection complette de M. de Voltaire ; </subfield>
    <subfield code="v">2</subfield>
  </datafield>
  <datafield tag="500" ind1=" " ind2=" ">
    <subfield code="a">Datos tomados de BN Opale-plus.</subfield>
  </datafield>
  <datafield tag="505" ind1="8" ind2=" ">
    <subfield code="a">Contiene: ; </subfield>
    <subfield code="t">M&#xE9;rope (p. 27-112) ; </subfield>
    <subfield code="t">Le fanatisme ou Mahomet le proph&#xE8;te (p. 113-208) ; </subfield>
    <subfield code="t">Semiramis (p. 209-300) ; </subfield>
    <subfield code="t">Oreste (p. 301-430) ; </subfield>
    <subfield code="t">Catilina ou Rome sauv&#xE9;e (p. 431-500)</subfield>
  </datafield>
  <datafield tag="596" ind1=" " ind2=" ">
    <subfield code="a">Seg&#xFA;n consta en otros registros de BN Opale-plus impresa por Fr&#xE8;res Cramer.</subfield>
  </datafield>
  <datafield tag="597" ind1=" " ind2=" ">
    <subfield code="a">Sign.: A-2Z4, 3A-3Q4, 3R3.</subfield>
  </datafield>
  <datafield tag="599" ind1=" " ind2=" ">
    <subfield code="a">Las h. de grab. calc.: "H. Delagrave inv., J.B. Simonet [et al.] sculpsit", aleg&#xF3;ricas, precediendo cada obra.</subfield>
  </datafield>
  <datafield tag="830" ind1="0" ind2=" ">
    <subfield code="a">Collection complette de M. de Voltaire ; </subfield>
    <subfield code="v">2</subfield>
    <subfield code="9">222650</subfield>
  </datafield>
  <datafield tag="852" ind1=" " ind2=" ">
    <subfield code="a">ES-MaACL</subfield>
    <subfield code="j">R-757-60   </subfield>
    <subfield code="z">- Enc. hol.   </subfield>
    <subfield code="q">- Falto de port.?  </subfield>
    <subfield code="x"> Olim: G-6597-600</subfield>
  </datafield>
  <datafield tag="999" ind1=" " ind2=" ">
    <subfield code="c">167795</subfield>
    <subfield code="d">167795</subfield>
  </datafield>
  <datafield tag="952" ind1=" " ind2=" ">
    <subfield code="0">0</subfield>
    <subfield code="1">0</subfield>
    <subfield code="4">0</subfield>
    <subfield code="7">0</subfield>
    <subfield code="8">LIBXVIII</subfield>
    <subfield code="a">ATENEOM</subfield>
    <subfield code="b">ATENEOM</subfield>
    <subfield code="c">DEPO</subfield>
    <subfield code="d">2008-01-17</subfield>
    <subfield code="l">0</subfield>
    <subfield code="o">R-757-60</subfield>
    <subfield code="p">1176035</subfield>
    <subfield code="r">2023-02-23 00:00:00</subfield>
    <subfield code="w">2023-02-23</subfield>
    <subfield code="y">MONANT</subfield>
  </datafield>
</record>
